Score 0/30 Timer 06:00
7 Plays Today
Clue 4-Letter Word % Correct
Michigan, Ontario, or Erie
Great ____
⋆ LAKE ⋆
98.4%
3,000+ mile structure in China
Great ____
⋆ WALL ⋆
98.1%
Scooby-Doo or Marmaduke
Great ____
⋆ DANE ⋆
97.7%
Opening for a fenceGATE
97.2%
Discount on items for purchaseSALE
97.1%
Item to hold up one's pantsBELT
97.1%
Division of a highwayLANE
96.9%
August 28, e.g.DATE
96.8%
Place for a wish?WELL
96.5%
Ringing percussion instrumentBELL
96%
Meat from a cowBEEF
95.8%
Coral system northeast of Australia
Great Barrier ____
⋆ REEF ⋆
95.8%
Toot; pass gasFART
95.2%
Homer and Marge's oldestBART
95%
Cost for a bus or taxi rideFARE
94.9%
Clue 4-Letter Word % Correct
Authentic, genuine, in existenceREAL
94.2%
Main room of a large palace or manor
Great ____
⋆ HALL ⋆
94.1%
Ernie's Sesame Street roommateBERT
94%
Connery, Bean, or Penn, e.g.SEAN
93.8%
Spool for film or fishing linesREEL
93.7%
Main ingredient in borschtBEET
92.4%
Symbol used by governments for formal papers
Great ____
⋆ SEAL ⋆
92.3%
The Song Remains the ____ (Led Zeppelin)SAME
90.8%
Healthy and robust (partnered with hearty)HALE
90.7%
Policeman's patrol territoryBEAT
89.6%
19th century conflict between UK and Russia
The Great ____
⋆ GAME ⋆
86.9%
Alternate name for Ursa Major
Great ____
⋆ BEAR ⋆
82.6%
Major conflagration, as in London in 1666
Great ____
⋆ FIRE ⋆
82.4%
One cycle of the equinox around the ecliptic
Great ____
⋆ YEAR ⋆
59.5%
Archaic term for a sheep giving birthYEAN
58.4%

Today's Daily Dose

Missing Word
Movies EA - EZ

Word Ladder
Bedtime!

You're not logged in!

Compare scores with friends on all Sporcle quizzes.
OR
Log In

Sporcle TV

Today on Sporcle TV


Watch our educational content, quiz creation guides, and fun videos on Sporcle TV.

Show Comments

Extras

Top Quizzes Today


Score Distribution

Paid Content

Your Account Isn't Verified!

In order to create a playlist on Sporcle, you need to verify the email address you used during registration. Go to your Sporcle Settings to finish the process.

Report this User

Report this user for behavior that violates our Community Guidelines.

Details: